000 00857nam a2200253 i 4500
001 67080
003 ES-MaACL
005 20231224062925.0
007 t|
008 031118s2003 sp ||||0| spa d
017 _aMU 1853-2003
040 _aM-BN
_bspa
_cM-BN
080 _a74 Rosales, Eduardo (083.824)
100 1 _aRosales, Eduardo,
_d1836-1873
_999638
245 1 0 _aEduardo Rosales, en papel
_b: Museo Ramón Gaya : Muria, 18 septiembre-16 noviembre 2003.
260 _a[Murcia :
_bMuseo Ramón de Gaya,
_c2003]
300 _a[28] p :
_bprincipalmente il. col. y n ;
_c23 cm.
600 1 4 _aRosales, Eduardo,
_d1836-1873-
_vExposiciones
_999639
655 7 _2tgfbne
_9193628
_aCatálogos de exposiciones
710 2 _aMuseo Ramón Gaya.
_95921
852 _aES-MaACL
_j2171-F-21
_bR.133282
942 _2udc
999 _c67080
_d67080